000 00411nam a2200181Ia 4500
008 210210b1961 xxu||||| |||| 00| 0 eng d
041 _aeng
082 _a333/76
100 _aSHONFIELD (A)
245 _aEconomic growth and inflation
260 _aBombay
_b-
_c1961
650 _ainflation
650 _agrowth
650 _aEconomic
650 _aand
690 _aEconomic Planning
906 _a004248
999 _c123698
_d123698